| 000 | 00870nam a2200289Ia 4500 | ||
|---|---|---|---|
| 001 | Z_5896 | ||
| 003 | CHAP | ||
| 008 | 220113s2009 xx 000 0 und d | ||
| 010 | _a169105 | ||
| 040 | _cCHAP | ||
| 090 | _aTesis R 2164 | ||
| 100 |
_aRomán Romero,Elías. _999756 |
||
| 245 |
_aEvaluación ultrasográfica de la dinámica folicular en Ovejas Criollas y Rideau en clima templado / _cElías Román Romero. |
||
| 260 |
_aChapingo,Méx. : _bEl autor, _c2009 |
||
| 300 | _a66 h. | ||
| 502 | _aTesis ( Maestro en Ciencias en Innovación Ganadera ).--UACH.Departamento de Zootecnia | ||
| 650 |
_aDinámica folicular _9143427 |
||
| 650 |
_aGanado ovino _9139065 |
||
| 650 |
_aRaza _xCriolla _xRideau _9143428 |
||
| 650 |
_aReprodución _9143429 |
||
| 901 | _aTESIS R 2164 | ||
| 902 | _aM | ||
| 910 | _a2009 | ||
| 942 | _c2 | ||
| 942 | _c2 | ||
| 999 |
_c169105 _d169105 |
||